| 000 | 00800nam a2200229Ia 4500 | ||
|---|---|---|---|
| 003 | OSt | ||
| 005 | 20220927105213.0 | ||
| 006 | a|||||r|||| 00| 0 | ||
| 007 | ta | ||
| 008 | 220926b |||||||| |||| 00| 0 eng d | ||
| 024 | _a196440 | ||
| 037 | _cReference Collections | ||
| 040 |
_aRTL _cRTL _beng |
||
| 041 |
_2eng _aeng |
||
| 082 | _a"X9:9:(Z).2.N9, N9/Th" | ||
| 100 |
_aJAIVIR SINGH _9370922 |
||
| 245 | 0 |
_aSome aspects of industrial and labour markets in India _b Perspectives from law and economics |
|
| 300 |
_a223p Bib. p219-223 _ccm. |
||
| 490 | _a"University of delhi, Economics (Deptt. of- Thesis. Thesis, University of delhi, Economics (Deptt. of-" | ||
| 942 |
_h"X9:9:(Z).2.N9, N9/Th" _cCC |
||
| 999 |
_c691180 _d691180 |
||